Statistiken für Pferde

Klicken Sie hier um das Quiz zu spielen!

Allgemein

  • Dieses Quiz wurde 660 mal gespielt
  • Das Durchschnittsergebnis liegt bei 5 aus 5

Antwortstatistiken

HintAntwort% Korrekt
Was fressen Pferde?Hafer, Gras, Heu
99%
Wie nennt man ein Babypferd?Fohlen
98%
Wie nennt man ein Männliches Pferd?Hengst
98%
Nenne eine der drei bekanntesten GangartenTrab, Galopp, Schritt
98%
Wo wohnen Pferde?Stall
97%

Verteilung der Resultate

Perzentil nach korrekt beantworteten Fragen

Anzahl Personen mit jedem Resultat

Ihre Resultats-Entwicklung

Sie haben dieses Quiz noch nicht gespielt